La virtud en la mirada : ensayo sobre la admiración moral /

Furkejuvvon:
Bibliográfalaš dieđut
Váldodahkki: Arteta, Aurelio (autor)
Materiálatiipa: Girji
Giella:espánnjágiella
Almmustuhtton: Valencia, España : Pre-Textos, 2002, c2002
Ráidu:(Pre-Textos ; Ensayo) 559.
Fáddágilkorat: Lasit fáddágilkoriid
Eai fáddágilkorat, Lasit vuosttaš fáddágilkora!

MARC

LEADER 00000nam^a2200000^a^4500
001 000613316
005 20250521000000.0
009 20260310133619.309
020 |a 84-8191-443-6 
025 |a Donación Juan Lafarga Corona, 1 ejemplar 
037 |a Acervo Xavier Clavigero 
041 |a ESP 
091 |a FLC. 00256 
100 |a Arteta, Aurelio  |e (autor) 
245 1 3 |a La virtud en la mirada :  |b ensayo sobre la admiración moral / 
264 4 |a Valencia, España :  |b Pre-Textos,  |c 2002, c2002 
300 |a 337 p. 
336 |a texto  |b txt  |2 rdacontenido 
337 |a sin mediación  |b n  |2 rdamedio 
338 |a volumen  |b nc  |2 rdasoporte 
440 1 |a (Pre-Textos ;  |v 559.  |p Ensayo) 
649 |a XX 
910 |a Fondo Juan Lafarga Corona S.J. 
920 |a Impresos - Libros 
930 |a Fondos Especiales 
905 |a 145 
901 |a 613316-10  |b IT2  |c ESL  |i D  |u 20250521 
902 |a https://opac.biblio.iteso.mx/vufind/Record/000613316